Readings in applied microeconomics (Record no. 55657)

MARC details
000 -LEADER
fixed length control field 00786nam a2200217 a 4500
008 - FIXED-LENGTH DATA ELEMENTS--GENERAL INFORMATION
fixed length control field 120416s1981 ||||||||||||||||| || u
020 ## - INTERNATIONAL STANDARD BOOK NUMBER
International Standard Book Number 0198771622
020 ## - INTERNATIONAL STANDARD BOOK NUMBER
International Standard Book Number 0198771622
050 ## - LIBRARY OF CONGRESS CALL NUMBER
Classification number HB 172 Rea
100 ## - MAIN ENTRY--PERSONAL NAME
Personal name Wagner, Leslie
245 10 - TITLE STATEMENT
Title Readings in applied microeconomics
Statement of responsibility, etc. edited by Leslie Wagner
250 ## - EDITION STATEMENT
Edition statement 2nd ed.
260 ## - PUBLICATION, DISTRIBUTION, ETC.
Place of publication, distribution, etc. Oxford:
Name of publisher, distributor, etc. Oxford University Press
Date of publication, distribution, etc. 1981
300 ## - PHYSICAL DESCRIPTION
Extent viii, 403p.
350 ## - PRICE (NR) (BK AM CF MU VM SE) [OBSOLETE]
Price 0.00
500 ## - GENERAL NOTE
General note Includes bibliographies and index.
650 ## - SUBJECT ADDED ENTRY--TOPICAL TERM
Topical term or geographic name entry element GREAT BRITAIN--ECONOMIC CONDITIONS 1964-1979
650 ## - SUBJECT ADDED ENTRY--TOPICAL TERM
Topical term or geographic name entry element MICROECONOMICS
650 ## - SUBJECT ADDED ENTRY--TOPICAL TERM
Topical term or geographic name entry element GREAT BRITAIN--ECONOMIC CONDITIONS 1945-1964
995 ## - RECOMMENDATION 995 [LOCAL, UNIMARC FRANCE]
-- 0.00
-- CBU-MAIN LIBRARY (Kitwe)
-- 1
-- 0.00
-- AVAILABLE
-- Main Library Open Access Collection
Holdings
Withdrawn status Lost status Source of classification or shelving scheme Damaged status Not for loan Home library Current library Shelving location Date acquired Total Checkouts Full call number Barcode Date last seen Price effective from Koha item type
          CBU-MAIN LIBRARY, KITWE. CBU-MAIN LIBRARY, KITWE.   11/30/2022   HB 172 Rea 001729 11/30/2022 11/30/2022 MONOGRAPH